000
00320nam a22001217a 4500
008
180522b xxu||||| |||| 00| 0 eng d
041
_a
eng
080
_a
043.3
100
_a
0
101
_a
MBE-MA
245
_a
Development of Banking Sector and Impact on Economic Growth - Case of Kosovo
_c
Zenelaj, A
942
_2
udc
_c
BK
999
_c
46212
_d
46212